[Event "La Vila Region-ch Preferente"]
[Site "La Vila"]
[Date "2015.10.31"]
[Round "4.4"]
[White "Escarabajal Sanchez, Rafael"]
[Black "Toledo Vicedo, Beltran"]
[Result "1-0"]
[WhiteElo "1738"]
[BlackElo "1519"]
[PlyCount "47"]
[EventDate "2015.10.03"]
[EventType "swiss"]
[EventRounds "7"]
[EventCountry "ESP"]
[SourceTitle "EXT 2024"]
[Source "ChessBase"]
[SourceDate "2023.10.10"]
[SourceVersion "1"]
[SourceVersionDate "2023.10.10"]
[SourceQuality "1"]

1. e4 e5 2. Nf3 Nc6 3. Bb5 a6 4. Ba4 Nf6 5. 0-0 b5 6. Bb3 d6 7. Ng5 Bg4 8. Bxf7+ Ke7 9. f3 Bh5 10. Bd5 Qd7 11. Nc3 b4 12. Be6 Qe8 13. Nd5+ Kd8 14. Bh3 Bf7 15. Nxf7+ Qxf7 16. Ne3 Nh5 17. g3 g5 18. Nf5 Ne7 19. d4 Qf6 20. dxe5 Qxe5 21. Bxg5 Rg8 22. f4 Qxb2 23. Qxh5 Qxc2 24. Qf7 1-0

[Event "La Vila Region-ch Preferente"]
[Site "La Vila"]
[Date "2015.10.17"]
[Round "2.7"]
[White "Ortega Blanes, Fernando"]
[Black "Toledo Vicedo, Beltran"]
[Result "1/2-1/2"]
[WhiteElo "1736"]
[BlackElo "1519"]
[PlyCount "23"]
[EventDate "2015.10.03"]
[EventType "swiss"]
[EventRounds "7"]
[EventCountry "ESP"]
[SourceTitle "EXT 2024"]
[Source "ChessBase"]
[SourceDate "2023.10.10"]
[SourceVersion "1"]
[SourceVersionDate "2023.10.10"]
[SourceQuality "1"]

1. d4 d5 2. e3 Nf6 3. Bd3 e6 4. f4 c5 5. c3 Nc6 6. Nf3 Be7 7. 0-0 0-0 8. Nbd2 Ng4 9. Qe2 f5 10. Ne5 Nf6 11. Nxc6 Ne4 12. Nxe4 1/2-1/2